header

The Carolingians in Central Europe, their history, arts, and architecture (Record no. 71980)

MARC details
000 -LEADER
fixed length control field 01644nam a2200397 a 4500
082 04 - DEWEY DECIMAL CLASSIFICATION NUMBER
Classification number 943/.0009/02
100 1# - MAIN ENTRY--AUTHOR NAME
Personal name Schutz, Herbert,
245 14 - TITLE STATEMENT
Title The Carolingians in Central Europe, their history, arts, and architecture
260 ## - PUBLICATION, DISTRIBUTION, ETC. (IMPRINT)
Place of publication Brill ;
-- Boston :
Name of publisher Brill,
Year of publication 2004.
300 ## - PHYSICAL DESCRIPTION
Number of Pages xxxi, 407 p. :
Other physical details ill. (some col.), maps.
490 1# - SERIES STATEMENT
Series statement Cultures, beliefs, and traditions,
650 #0 - SUBJECT ADDED ENTRY--TOPICAL TERM
Topical Term Carolingians.
Topical Term Civilization, Medieval.
Topical Term Culture diffusion
Topical Term Art, Carolingian.
Topical Term Architecture, Carolingian.
Topical Term Learning and scholarship
856 40 - ELECTRONIC LOCATION AND ACCESS
Uniform Resource Identifier http://site.ebrary.com/lib/rucke/Doc?id=10090499

No items available.

© 2026 Rongo University
Contact us: librarian | system librarian | Rongo university